Journal politique national et autres textes
محفوظ في:
| المؤلف الرئيسي: | |
|---|---|
| التنسيق: | كتاب |
| اللغة: | الفرنسية |
| منشور في: |
París
Union Générale
1964
|
| الموضوعات: | |
| الوسوم: |
إضافة وسم
لا توجد وسوم, كن أول من يضع وسما على هذه التسجيلة!
|
MARC
| LEADER | 00000nam a2200000 a 4500 | ||
|---|---|---|---|
| 001 | UCO5933 | ||
| 003 | CL-VaPUC | ||
| 008 | 000922e19640000FR |||||||||||||||||fre|d | ||
| 082 | 0 | 4 | |a 844 |b RIV |2 21 |
| 100 | 0 | |a Rivarol |e author |9 450735 | |
| 245 | 1 | 0 | |a Journal politique national et autres textes |
| 300 | |a 306 p | ||
| 942 | |c BK | ||
| 945 | |d 20000922 00:00:00 |a crobeson | ||
| 260 | |a París |b Union Générale |c 1964 | ||
| 650 | 0 | |a Ensayos franceses |9 265511 | |
| 650 | 0 | |a Literatura francesa |9 266330 | |
| 583 | |a last modification |c 20000922 00:00:00 |k Rodrigo Vera | ||
| 999 | |c 291748 |d 291746 | ||